Making sense of research : (Record no. 10942)
[ view plain ]
| 000 -LEADER | |
|---|---|
| fixed length control field | 00762nam a22002172 4500 |
| 001 - CONTROL NUMBER | |
| control field | 0000007489 |
| 005 - DATE AND TIME OF LATEST TRANSACTION | |
| control field | 20151217154402.0 |
| 008 - FIXED-LENGTH DATA ELEMENTS--GENERAL INFORMATION | |
| fixed length control field | 080208s xx 000 0 eng d |
| 020 ## - INTERNATIONAL STANDARD BOOK NUMBER | |
| International Standard Book Number | 0761977082 : |
| Terms of availability | KES |
| 040 ## - CATALOGING SOURCE | |
| Original cataloging agency | KABU |
| Transcribing agency | KABU |
| 100 1# - MAIN ENTRY--PERSONAL NAME | |
| Personal name | McEwan, Elaine K. |
| -- | 0000158703 |
| 245 10 - TITLE STATEMENT | |
| Title | Making sense of research : |
| Remainder of title | what's good, what's not, and how to tell the difference / |
| Statement of responsibility, etc. | Elaine K. McEwan, Patrick J. McEwan. |
| 260 ## - PUBLICATION, DISTRIBUTION, ETC. (IMPRINT) | |
| Place of publication, distribution, etc. | London : |
| Name of publisher, distributor, etc. | Sage, |
| Date of publication, distribution, etc. | 2003. |
| 300 ## - PHYSICAL DESCRIPTION | |
| Extent | xxii, 174 p. |
| 650 #0 - SUBJECT ADDED ENTRY--TOPICAL TERM | |
| Topical term or geographic name as entry element | Education |
| General subdivision | Research |
| Geographic subdivision | United States. |
| -- | 0000153547 |
| 650 #0 - SUBJECT ADDED ENTRY--TOPICAL TERM | |
| Topical term or geographic name as entry element | School improvement programs |
| Geographic subdivision | United States. |
| -- | 0000158704 |
| 700 1# - ADDED ENTRY--PERSONAL NAME | |
| Personal name | McEwan, Patrick J. |
| -- | 0000158705 |
| 908 ## - PUT COMMAND PARAMETER (RLIN) | |
| Put command parameter | 080208 |
| 950 ## - LOCAL HOLDINGS (RLIN) | |
| -- | 1 |
| Withdrawn status | Lost status | Source of classification or shelving scheme | Not for loan | Home library | Current library | Date acquired | Total Checkouts | Full call number | Barcode | Date last seen | Price effective from | Koha item type |
|---|---|---|---|---|---|---|---|---|---|---|---|---|
| Library of Congress Classification | Kabarak, Main Campus | Kabarak, Main Campus | 17/12/2015 | LB1028.25 .U6M34 | 012007 | 17/12/2015 | 17/12/2015 | General Collection |